[Event "XXXI Torneo Internacional de A"]
[Site "Las Palmas de Gran Canaria"]
[Date "2010.12.05"]
[Round "4"]
[White "Rojas Mirabal, Pedro"]
[Black "Rodriguez Mellado, Antonio"]
[Result "1-0"]
[WhiteElo "2000"]
[BlackElo "1711"]
[PlyCount "95"]
[EventDate "2010.12.02"]
[EventRounds "9"]
[EventCountry "ESP"]

1. e4 e5 2. Nf3 Nf6 3. Bc4 Bc5 4. O-O O-O 5. d4 exd4 6. e5 Ne4 7. b4 Bb6 8. Bb3
d5 9. Nxd4 Qe7 10. Nf3 Qxb4 11. Ba3 Nxf2 12. Rxf2 Bxf2+ 13. Kxf2 Qb6+ 14. Qd4
Qxd4+ 15. Nxd4 Re8 16. Nb5 Na6 17. Bb2 Bd7 18. a4 Bc6 19. Bd4 b6 20. N1c3 Bb7
21. Ne2 c5 22. Nd6 cxd4 23. Nxb7 Rxe5 24. Nxd4 Nc5 25. Nd6 Rd8 26. Nf3 Re6 27.
Nb5 a6 28. Nbd4 Rf6 29. g3 Ne6 30. Kg2 h6 31. Rd1 Nc5 32. Re1 Ne4 33. Re2 g5
34. h3 Nc3 35. Re5 b5 36. axb5 axb5 37. Nh2 b4 38. Ng4 Ra6 39. Ne3 Ra1 40. Nxd5
Nxd5 41. Bxd5 Kf8 42. Nc6 Rd6 43. Nxb4 Rb6 44. Nd3 Rd1 45. Rf5 f6 46. Rf2 Rd6
47. Bf3 Rb6 48. Bxd1 1-0

[Event "XXXI Torneo Internacional de A"]
[Site "Las Palmas de Gran Canaria"]
[Date "2010.12.05"]
[Round "4"]
[White "Morales Hengmith, Chantal"]
[Black "Marrero Lopez, Agustin"]
[Result "1/2-1/2"]
[WhiteElo "1624"]
[BlackElo "1892"]
[PlyCount "23"]
[EventDate "2010.12.02"]
[EventRounds "9"]
[EventCountry "ESP"]

1. e4 e5 2. Nf3 Nc6 3. Bc4 Be7 4. c3 Nf6 5. d3 h6 6. O-O d6 7. Bb3 b6 8. Nbd2
O-O 9. h3 Bb7 10. Re1 Nh7 11. Nf1 Ng5 12. Nh4 1/2-1/2

[Event "XXXI Torneo Internacional de A"]
[Site "Las Palmas de Gran Canaria"]
[Date "2010.12.05"]
[Round "4"]
[White "Diaz Suarez, Cayetano"]
[Black "Biscarri Candalia, Oscar"]
[Result "1-0"]
[WhiteElo "1844"]
[BlackElo "1531"]
[PlyCount "80"]
[EventDate "2010.12.02"]
[EventRounds "9"]
[EventCountry "ESP"]

1. e4 c5 2. Nc3 d6 3. g3 Nc6 4. Bg2 g6 5. d3 Bg7 6. Nge2 e5 7. O-O Nge7 8. Bg5
Be6 9. Qd2 O-O 10. Rae1 Qc7 11. a3 a5 12. Nb5 Qd7 13. a4 Nd4 14. Nexd4 cxd4 15.
Bh6 Nc6 16. Bxg7 Kxg7 17. f4 f5 18. exf5 Bxf5 19. c3 Rfe8 20. Bd5 Na7 21. Bxb7
Rab8 22. Nxa7 Qxb7 23. Nb5 Qb6 24. cxd4 Bd7 25. Re2 Bxb5 26. axb5 Qxd4+ 27. Kg2
Rxb5 28. f5 Rf8 29. Qg5 e4 30. dxe4 Rxb2 31. Qe7+ Rf7 32. f6+ Kg8 33. Qe8+ Rf8
34. Qe6+ Rf7 35. Rxb2 Qxb2+ 36. Rf2 Qe5 37. Qc8+ Rf8 38. Qc4+ Rf7 39. g4 h6 40.
h4 Kh7 1-0

[Event "XXXI Torneo Internacional de A"]
[Site "Las Palmas de Gran Canaria"]
[Date "2010.12.05"]
[Round "4"]
[White "Campos Perez, Aythami"]
[Black "Perez Celis, Alba"]
[Result "0-1"]
[WhiteElo "1611"]
[BlackElo "1826"]
[PlyCount "22"]
[EventDate "2010.12.02"]
[EventRounds "9"]
[EventCountry "ESP"]

1. e4 e5 2. Nf3 Nc6 3. Bc4 Bc5 4. c3 Nf6 5. Nxe5 Nxe5 6. d4 Nxc4 7. e5 Nxe5 8.
dxe5 Ne4 9. O-O Bb6 10. Be3 Bxe3 11. fxe3 O-O 0-1

[Event "XXXI Torneo Internacional de A"]
[Site "Las Palmas de Gran Canaria"]
[Date "2010.12.05"]
[Round "4"]
[White "Navarro Molina, David"]
[Black "Aguila Hernandez, Eduardo"]
[Result "1-0"]
[WhiteElo "2051"]
[BlackElo "1682"]
[PlyCount "37"]
[EventDate "2010.12.02"]
[EventRounds "9"]
[EventCountry "ESP"]

1. d4 d5 2. c4 e6 3. Nc3 Nf6 4. Nf3 Nbd7 5. Bg5 c6 6. e3 b6 7. Bd3 Qc7 8. Rc1
Bd6 9. O-O O-O 10. cxd5 exd5 11. Nb5 Qb8 12. Rxc6 Bb7 13. Rxd6 a6 14. Bf4 Qc8
15. Nc3 Ne8 16. Rxd5 Bxd5 17. Nxd5 Kh8 18. Bxh7 Kxh7 19. Ng5+ 1-0

[Event "XXXI Torneo Internacional de A"]
[Site "Las Palmas de Gran Canaria"]
[Date "2010.12.05"]
[Round "4"]
[White "Henriquez Garcia, David"]
[Black "Santana Montjoy, Javier"]
[Result "1-0"]
[WhiteElo "1990"]
[BlackElo "1646"]
[PlyCount "59"]
[EventDate "2010.12.02"]
[EventRounds "9"]
[EventCountry "ESP"]

1. e4 c5 2. Nc3 d6 3. Nf3 Nf6 4. d4 cxd4 5. Nxd4 g6 6. Be2 Bg7 7. Be3 Nc6 8. f3
Bd7 9. Qd2 O-O 10. O-O-O a6 11. h4 b5 12. h5 Qa5 13. Nb3 Qc7 14. Bh6 Be6 15.
hxg6 fxg6 16. Bxg7 Kxg7 17. Nd5 Bxd5 18. exd5 Ne5 19. Nd4 Qb6 20. Ne6+ Kg8 21.
Nxf8 Rxf8 22. g4 Rf7 23. g5 Nfd7 24. b3 Nc5 25. f4 Ned7 26. Bg4 Ne4 27. Qd4
Ndc5 28. Be6 Qa5 29. Rxh7 Qa3+ 30. Kb1 1-0

[Event "XXXI Torneo Internacional de A"]
[Site "Las Palmas de Gran Canaria"]
[Date "2010.12.05"]
[Round "5"]
[White "Menvielle Laccourreye, Augusto"]
[Black "Kurajica, Bojan"]
[Result "0-1"]
[WhiteElo "2262"]
[BlackElo "2529"]
[PlyCount "62"]
[EventDate "2010.12.02"]
[EventRounds "9"]
[EventCountry "ESP"]

1. e4 d5 2. exd5 Qxd5 3. Nc3 Qd6 4. d4 Nf6 5. Nf3 g6 6. Nb5 Qb6 7. c4 c6 8. Nc3
Bg7 9. h3 O-O 10. Bd3 Rd8 11. Qe2 c5 12. dxc5 Qxc5 13. Be3 Qh5 14. O-O Nc6 15.
Rad1 b6 16. Ne4 Bb7 17. Nxf6+ Bxf6 18. Be4 Na5 19. Bxb7 Nxb7 20. b3 e5 21. Qc2
Qf5 22. Qxf5 gxf5 23. Bg5 Bxg5 24. Nxg5 e4 25. h4 Nc5 26. Nh3 Nd3 27. Rd2 Kf8
28. Rfd1 Ke7 29. Kf1 a6 30. f3 Rd4 31. Nf4 Rad8 {Decisión arbitral: móvil.} 0-1

[Event "XXXI Torneo Internacional de A"]
[Site "Las Palmas de Gran Canaria"]
[Date "2010.12.05"]
[Round "5"]
[White "Hernando Rodrigo, Jose Maria"]
[Black "Garcia Padron, Jose"]
[Result "0-1"]
[WhiteElo "2315"]
[BlackElo "2433"]
[PlyCount "84"]
[EventDate "2010.12.02"]
[EventRounds "9"]
[EventCountry "ESP"]

1. d4 Nf6 2. Nf3 e6 3. e3 b6 4. Bd3 Bb7 5. Nbd2 c5 6. b3 Be7 7. Bb2 O-O 8. Qe2
cxd4 9. exd4 Nd5 10. O-O Nf4 11. Qe3 Nxd3 12. Qxd3 Ba6 13. c4 d5 14. Ne5 Qe8
15. Rfe1 Nd7 16. Ndf3 Nxe5 17. Nxe5 Rc8 18. Re3 dxc4 19. Nxc4 Qd8 20. Rh3 h6
21. Re1 Bf6 22. Rg3 Kh8 23. Rf3 Qd5 24. Rxf6 gxf6 25. Qh3 Kg7 26. Ne3 Qa5 27.
Ra1 Qd2 28. Ba3 Rg8 29. d5 Qc3 30. Rd1 Be2 31. Rb1 Qd3 32. Re1 Qd2 33. Ra1 f5
34. Qh4 Qc3 35. Rb1 Qf6 36. Qf4 Kh7 37. h3 e5 38. Qa4 Bf3 39. Kf1 Qg6 40. Qd7
Bxg2+ 41. Ke2 f4 42. Ng4 Qe4+ 0-1

[Event "XXXI Torneo Internacional de A"]
[Site "Las Palmas de Gran Canaria"]
[Date "2010.12.05"]
[Round "5"]
[White "Gutierrez Olivares, Daniel"]
[Black "Novoselski, Zoran"]
[Result "0-1"]
[WhiteElo "2182"]
[BlackElo "2370"]
[PlyCount "84"]
[EventDate "2010.12.02"]
[EventRounds "9"]
[EventCountry "ESP"]

1. c4 Nf6 2. Nc3 c5 3. g3 d5 4. cxd5 Nxd5 5. Bg2 Nc7 6. Nf3 Nc6 7. O-O e5 8. d3
Be7 9. b3 O-O 10. Bb2 f6 11. Rc1 Bd7 12. a3 Rc8 13. e3 Be6 14. Qc2 Qd7 15. Rfe1
Na6 16. Ne4 Rfd8 17. Bf1 Bf8 18. Qb1 Qf7 19. d4 Qh5 20. Be2 Bg4 21. dxe5 Bxf3
22. Bxf3 Qxf3 23. exf6 Rd5 24. h4 Qf5 25. fxg7 Bxg7 26. Nf6+ Bxf6 27. e4 Qg4
28. exd5 Nd4 29. Re4 Qd7 30. Qd3 Rd8 31. Rce1 Nc7 32. b4 b6 33. bxc5 bxc5 34.
Rf4 Nxd5 35. Rfe4 c4 36. Qd1 c3 37. Bc1 Ne7 38. Bg5 c2 39. Qh5 Qd5 40. Qg4 Bxg5
41. hxg5 Ng6 42. f4 Qxe4 0-1

[Event "XXXI Torneo Internacional de A"]
[Site "Las Palmas de Gran Canaria"]
[Date "2010.12.05"]
[Round "5"]
[White "Ortega Hermida, Daniel"]
[Black "Rodriguez Melian, Jose Luis"]
[Result "1-0"]
[WhiteElo "2387"]
[BlackElo "2103"]
[PlyCount "46"]
[EventDate "2010.12.02"]
[EventRounds "9"]
[EventCountry "ESP"]

1. d4 Nf6 2. c4 g6 3. Nc3 d5 4. cxd5 Nxd5 5. e4 Nxc3 6. bxc3 c5 7. Nf3 Bg7 8.
Rb1 O-O 9. Be2 Qa5 10. O-O Qxa2 11. Bg5 Qe6 12. Qd3 b6 13. d5 Qd6 14. e5 Bxe5
15. Nxe5 Qxe5 16. Qd2 Bb7 17. Bf3 f6 18. Bf4 Qf5 19. Rbe1 Qd7 20. Re6 Na6 21.
Rfe1 Rfe8 22. d6 Bxf3 23. gxf3 Qc6 1-0

[Event "XXXI Torneo Internacional de A"]
[Site "Las Palmas de Gran Canaria"]
[Date "2010.12.05"]
[Round "5"]
[White "Tatai, Stefano"]
[Black "Gonzalez Intelangelo, Gerardo"]
[Result "1-0"]
[WhiteElo "2351"]
[BlackElo "2072"]
[PlyCount "107"]
[EventDate "2010.12.02"]
[EventRounds "9"]
[EventCountry "ESP"]

1. d4 Nf6 2. c4 e6 3. Nf3 Bb4+ 4. Bd2 a5 5. g3 b6 6. Bg2 Bb7 7. O-O Bxd2 8.
Nbxd2 d6 9. Qc2 Nbd7 10. Rfd1 Qe7 11. Nf1 O-O 12. Ne3 g6 13. Rac1 Rfd8 14. b3
Be4 15. Qb2 Ne8 16. a3 f5 17. b4 axb4 18. axb4 Qf6 19. Ne1 Bxg2 20. N1xg2 Ng7
21. Ra1 Nh5 22. Qd2 g5 23. Qd3 Kh8 24. Nf1 Ng7 25. f4 h6 26. Ra3 Nf8 27. Rda1
Rxa3 28. Rxa3 Ng6 29. e3 e5 30. Qd2 exf4 31. exf4 Re8 32. Re3 Re4 33. fxg5 hxg5
34. Rxe4 fxe4 35. Qf2 Qxf2+ 36. Kxf2 Nf5 37. Nd2 Nxd4 38. Nxe4 Ne6 39. Ne3 Ne5
40. Ke2 Kh7 41. h3 Kg6 42. Kd2 Nd4 43. Kc3 Nf5 44. Nd5 c6 45. Nxb6 g4 46. h4
Nf7 47. b5 d5 48. cxd5 cxb5 49. Nc8 Ne5 50. Ncd6 Nxd6 51. Nxd6 Nf3 52. Nxb5
Nxh4 53. gxh4 g3 54. Nd4 1-0

[Event "XXXI Torneo Internacional de A"]
[Site "Las Palmas de Gran Canaria"]
[Date "2010.12.05"]
[Round "5"]
[White "Alvarado Diaz, Alejandro"]
[Black "Brito Garcia, Alfredo"]
[Result "0-1"]
[WhiteElo "2109"]
[BlackElo "2337"]
[PlyCount "52"]
[EventDate "2010.12.02"]
[EventRounds "9"]
[EventCountry "ESP"]

1. d4 d6 2. e4 Nf6 3. Nc3 Nbd7 4. Be3 e5 5. f3 Be7 6. Bc4 O-O 7. Nge2 c6 8. Qd2
b5 9. Bb3 a6 10. a4 Bb7 11. Nd1 d5 12. exd5 Nxd5 13. Bxd5 cxd5 14. b3 e4 15.
O-O Nf6 16. Ng3 Qd7 17. Bf4 exf3 18. gxf3 Bc6 19. a5 b4 20. Nf2 Bb5 21. Rfe1
Rfc8 22. Re3 Rc6 23. Rc1 Bf8 24. Bg5 Ne8 25. Nd3 f6 26. Bf4 g5 0-1

[Event "XXXI Torneo Internacional de A"]
[Site "Las Palmas de Gran Canaria"]
[Date "2010.12.05"]
[Round "5"]
[White "Rodriguez Perez, David"]
[Black "Vega Gutierrez, Belinda"]
[Result "0-1"]
[WhiteElo "2058"]
[BlackElo "2227"]
[PlyCount "90"]
[EventDate "2010.12.02"]
[EventRounds "9"]
[EventCountry "ESP"]

1. d4 Nf6 2. Bg5 Ne4 3. Bf4 c5 4. f3 Qa5+ 5. c3 Nf6 6. Nd2 cxd4 7. Nb3 Qf5 8.
Bxb8 Rxb8 9. Nxd4 Qe5 10. Qd2 a6 11. g3 d5 12. Bg2 e6 13. Nb3 Be7 14. Nh3 b5
15. O-O h5 16. e3 Qc7 17. Nf2 Bd6 18. Qe2 h4 19. f4 hxg3 20. hxg3 Nh5 21. Qf3
f5 22. g4 Nf6 23. Rad1 g6 24. Nd4 Qh7 25. Rfe1 Rb7 26. g5 Ne4 27. Nxe4 fxe4 28.
Qg3 Qc7 29. Ne2 Qa5 30. a3 Qd8 31. Kf2 Rbh7 32. Rh1 Qe7 33. Rxh7 Rxh7 34. Rh1
Rxh1 35. Bxh1 e5 36. Qh4 Bf5 37. Bg2 Kd7 38. Bh3 Qf7 39. Bxf5+ Qxf5 40. Qh7+
Be7 41. Ke1 exf4 42. exf4 e3 43. Nd4 Qb1+ 44. Ke2 Qxb2+ 45. Kxe3 Qxc3+ 0-1

[Event "XXXI Torneo Internacional de A"]
[Site "Las Palmas de Gran Canaria"]
[Date "2010.12.05"]
[Round "5"]
[White "Garcia Blanco, Omar"]
[Black "Diaz Suarez, Cayetano"]
[Result "1-0"]
[WhiteElo "2183"]
[BlackElo "1844"]
[PlyCount "65"]
[EventDate "2010.12.02"]
[EventRounds "9"]
[EventCountry "ESP"]

1. e4 c5 2. c3 a6 3. d4 cxd4 4. cxd4 d6 5. Nf3 e6 6. Bd3 Be7 7. O-O Nf6 8. Qe2
O-O 9. Nc3 Nbd7 10. Bg5 h6 11. Bh4 Nh5 12. Bxe7 Qxe7 13. g3 g6 14. Qe3 Kh7 15.
e5 dxe5 16. dxe5 Ng7 17. Ne4 Nf5 18. Qf4 Kh8 19. g4 g5 20. Qd2 Ng7 21. Qe3 f5
22. exf6 Nxf6 23. Nxf6 Rxf6 24. Qe4 Ne8 25. Ne5 Kg8 26. f4 Qc5+ 27. Rf2 Qc7 28.
fxg5 hxg5 29. Raf1 Qg7 30. Qd4 Qe7 31. Rxf6 Nxf6 32. Ng6 Qd7 33. Qxf6 1-0

[Event "XXXI Torneo Internacional de A"]
[Site "Las Palmas de Gran Canaria"]
[Date "2010.12.05"]
[Round "5"]
[White "Perez Celis, Alba"]
[Black "Camino Carrio, Nicanor"]
[Result "0-1"]
[WhiteElo "1826"]
[BlackElo "2138"]
[PlyCount "72"]
[EventDate "2010.12.02"]
[EventRounds "9"]
[EventCountry "ESP"]

1. e4 c5 2. Nf3 d6 3. d4 cxd4 4. Nxd4 Nf6 5. Nc3 g6 6. Be3 Bg7 7. f3 O-O 8. Qd2
Nc6 9. Bc4 Nd7 10. h4 Nb6 11. Bb3 Na5 12. Qd3 Nxb3 13. axb3 d5 14. Ndb5 Be6 15.
exd5 Nxd5 16. Nxd5 Bxd5 17. Nc3 Bc6 18. Qxd8 Rfxd8 19. Kf2 a6 20. h5 Bd4 21.
hxg6 hxg6 22. Rad1 Bxe3+ 23. Kxe3 Kg7 24. Ne4 Bxe4 25. Kxe4 Kf6 26. b4 Ke6 27.
c4 Rxd1 28. Rxd1 Rh8 29. Rd5 Rh1 30. Rd2 g5 31. g4 Re1+ 32. Kd4 f5 33. gxf5+
Kxf5 34. Kc5 Re6 35. b5 b6+ 36. Kd5 Rd6# 0-1

[Event "XXXI Torneo Internacional de A"]
[Site "Las Palmas de Gran Canaria"]
[Date "2010.12.05"]
[Round "5"]
[White "Navarro Molina, David"]
[Black "Padilla Socorro, Jesus"]
[Result "1-0"]
[WhiteElo "2051"]
[BlackElo "1804"]
[PlyCount "75"]
[EventDate "2010.12.02"]
[EventRounds "9"]
[EventCountry "ESP"]

1. d4 e6 2. c4 Nf6 3. Nf3 Bb4+ 4. Nbd2 b6 5. a3 Be7 6. e4 d6 7. Bd3 Bb7 8. O-O
O-O 9. b4 a5 10. Bb2 axb4 11. axb4 Rxa1 12. Bxa1 Nbd7 13. e5 Ne8 14. Qb1 g6 15.
Rd1 Ng7 16. Qb3 d5 17. c5 bxc5 18. dxc5 Qc8 19. Rc1 c6 20. Qa3 Qa8 21. Qc3 Ba6
22. Bc2 Rb8 23. Rb1 Bb5 24. Nd4 Ba6 25. N2f3 Ne8 26. h4 Nc7 27. h5 Nb5 28. Qe3
Bf8 29. Qf4 Bg7 30. hxg6 hxg6 31. Bxg6 fxg6 32. Nxe6 Rf8 33. Nxf8 Qxf8 34. Qg4
Qf5 35. Qxf5 gxf5 36. e6 Bxa1 37. exd7 Bf6 38. Re1 1-0

[Event "XXXI Torneo Internacional de A"]
[Site "Las Palmas de Gran Canaria"]
[Date "2010.12.05"]
[Round "5"]
[White "Peinado Santana, Victor"]
[Black "Vega Gutierrez, Sabrina"]
[Result "0-1"]
[WhiteElo "1722"]
[BlackElo "2342"]
[PlyCount "98"]
[EventDate "2010.12.02"]
[EventRounds "9"]
[EventCountry "ESP"]

1. d4 d5 2. c4 e6 3. Nc3 Nf6 4. Bg5 Be7 5. Nf3 h6 6. Bh4 O-O 7. e3 b6 8. Qc2
Nbd7 9. Rd1 Bb7 10. Bd3 dxc4 11. Bxc4 Nd5 12. Bxe7 Qxe7 13. O-O Nxc3 14. Qxc3
Bxf3 15. gxf3 Qf6 16. f4 Qf5 17. Be2 c5 18. Qd3 Qf6 19. Kh1 Rad8 20. Rg1 cxd4
21. Qxd4 e5 22. fxe5 Nxe5 23. Qc3 Rc8 24. Qb3 Qxf2 25. Rg2 Qh4 26. Rdg1 Qe4 27.
Bd1 Rc1 28. Bc2 Rxg1+ 29. Kxg1 Qc6 30. Qa4 Rc8 31. Qxc6 Rxc6 32. Be4 Rc4 33.
Bd5 Rc1+ 34. Kf2 Rc2+ 35. Kg3 Rxg2+ 36. Kxg2 Kf8 37. b3 Ke7 38. Kg3 Kd6 39. Be4
g5 40. h3 Kc5 41. Kf2 Kb4 42. Ke2 Kc3 43. Bd5 b5 44. e4 Kd4 45. a4 bxa4 46.
bxa4 f5 47. Bb7 fxe4 48. a5 Nd3 49. a6 Nf4+ 0-1

[Event "XXXI Torneo Internacional de A"]
[Site "Las Palmas de Gran Canaria"]
[Date "2010.12.05"]
[Round "5"]
[White "Marrero Lopez, Agustin"]
[Black "Martinez Molina, Jose Juan"]
[Result "0-1"]
[WhiteElo "1892"]
[BlackElo "1798"]
[PlyCount "110"]
[EventDate "2010.12.02"]
[EventRounds "9"]
[EventCountry "ESP"]

1. d4 Nf6 2. Nf3 g6 3. c4 Bg7 4. g3 c6 5. Nc3 d5 6. cxd5 cxd5 7. Bg2 Nc6 8. O-O
O-O 9. Bf4 Nh5 10. Qd2 Nxf4 11. Qxf4 b6 12. Rac1 Bb7 13. Qd2 e6 14. e3 Rc8 15.
Rfe1 Qe7 16. Qe2 Rfd8 17. Nd2 Nb4 18. a3 Ba6 19. Nb5 Qd7 20. Bf1 Nc6 21. b4 e5
22. dxe5 Nxe5 23. Red1 Rc6 24. Rxc6 Nxc6 25. Nb3 Ne7 26. N3d4 Nf5 27. Qd2 Nxd4
28. Nxd4 Bxf1 29. Kxf1 a6 30. Qc2 Rc8 31. Qb3 Rc4 32. Nf3 b5 33. Kg2 Qf5 34.
Qd3 Qxd3 35. Rxd3 Rc3 36. Rxd5 Rxa3 37. Rd8+ Bf8 38. Ne5 Kg7 39. Rd7 Bxb4 40.
Rxf7+ Kg8 41. Rb7 Bc3 42. Ng4 b4 43. e4 Ra5 44. e5 Bxe5 45. Nxe5 Rxe5 46. Rxb4
Kf7 47. Kf3 a5 48. Ra4 Rb5 49. Ke3 g5 50. f3 h5 51. h3 Kf6 52. Rc4 Rb3+ 53. Ke4
Rb4 54. Kd5 Rxc4 55. Kxc4 Ke5 0-1

[Event "XXXI Torneo Internacional de A"]
[Site "Las Palmas de Gran Canaria"]
[Date "2010.12.05"]
[Round "5"]
[White "Perez Castellano, Susana"]
[Black "Viera Falcon, Cristo"]
[Result "0-1"]
[WhiteElo "1803"]
[BlackElo "1790"]
[PlyCount "44"]
[EventDate "2010.12.02"]
[EventRounds "9"]
[EventCountry "ESP"]

1. e4 d5 2. exd5 Nf6 3. Nf3 Nxd5 4. Be2 Nc6 5. d4 Bg4 6. O-O e6 7. Re1 Qf6 8.
c3 Bd6 9. Nbd2 Bf4 10. Qb3 Rb8 11. Bb5 O-O 12. Bd3 Qh6 13. Qc2 f5 14. b3 Rbe8
15. g3 Bd6 16. Ne5 f4 17. Nxg4 Qh3 18. Ne5 fxg3 19. fxg3 Nxe5 20. dxe5 Bc5+ 21.
Kh1 Rf2 22. Bxh7+ Kh8 0-1

[Event "XXXI Torneo Internacional de A"]
[Site "Las Palmas de Gran Canaria"]
[Date "2010.12.06"]
[Round "6"]
[White "Garcia Padron, Jose"]
[Black "Kurajica, Bojan"]
[Result "0-1"]
[WhiteElo "2433"]
[BlackElo "2529"]
[PlyCount "130"]
[EventDate "2010.12.02"]
[EventRounds "9"]
[EventCountry "ESP"]

1. e4 c5 2. Nc3 e6 3. f4 d5 4. Bb5+ Bd7 5. Bxd7+ Qxd7 6. Nf3 dxe4 7. Nxe4 Nc6
8. d3 f5 9. Ned2 Bd6 10. Nc4 Bc7 11. Be3 b6 12. O-O Nge7 13. Qd2 Ng6 14. g3 O-O
15. Rae1 Qd5 16. Qg2 Rad8 17. a4 Rfe8 18. Bd2 a6 19. Bc3 Nd4 20. Bxd4 cxd4 21.
Re2 Bxf4 22. Nxb6 Qc6 23. Nc4 Qxa4 24. Rfe1 Bh6 25. Rxe6 Be3+ 26. R6xe3 dxe3
27. Nxe3 f4 28. Nc4 Rxe1+ 29. Nxe1 Ne5 30. b3 Qa1 31. Kf1 Nxc4 32. dxc4 f3 33.
Qf2 Qd1 34. Qe3 h6 35. c5 Kh8 36. c6 Rc8 37. Qxf3 Qd6 38. Qe4 Rxc6 39. Ke2 Qd7
40. Qd3 Rd6 41. Qc3 Rc6 42. Qd3 Qc8 43. Kd2 Qf8 44. Kc1 a5 45. Nf3 Qf6 46. Nd4
Rd6 47. c3 Qf2 48. Qd2 Qg1+ 49. Kb2 Rf6 50. Nc2 Qf2 51. Qd8+ Kh7 52. Qxa5 Qxh2
53. Qe5 Rg6 54. b4 Qg2 55. Qf5 Qxg3 56. Nd4 Qg4 57. b5 h5 58. Qxg4 Rxg4 59. Kb3
h4 60. Nf3 h3 61. Nh2 Rg2 62. Nf3 Rg3 63. Nh2 Rg2 64. Nf3 Kg8 65. Kb4 Rf2 0-1

[Event "XXXI Torneo Internacional de A"]
[Site "Las Palmas de Gran Canaria"]
[Date "2010.12.06"]
[Round "6"]
[White "Novoselski, Zoran"]
[Black "Ortega Hermida, Daniel"]
[Result "1-0"]
[WhiteElo "2370"]
[BlackElo "2387"]
[PlyCount "79"]
[EventDate "2010.12.02"]
[EventRounds "9"]
[EventCountry "ESP"]

1. e4 c5 2. Nc3 e6 3. Nf3 d6 4. d4 cxd4 5. Nxd4 Nf6 6. Be3 Be7 7. f4 O-O 8. Qf3
e5 9. Nf5 Bxf5 10. exf5 Qa5 11. Qxb7 Nbd7 12. Qa6 Qc7 13. Bc4 exf4 14. Bd4 Rab8
15. Bb3 Nc5 16. Bxc5 dxc5 17. O-O-O Rb6 18. Qe2 c4 19. Qxc4 Rc6 20. Qd3 Rc8 21.
Kb1 a5 22. Rhf1 Rd6 23. Qf3 Rxd1+ 24. Rxd1 Qe5 25. Qe2 Qc5 26. Re1 Kf8 27. g4
fxg3 28. hxg3 Bd6 29. Qf3 Re8 30. Rxe8+ Kxe8 31. a3 h5 32. Ne4 Nxe4 33. Qxe4+
Qe5 34. Qf3 Qxg3 35. Qxh5 Qe1+ 36. Ka2 Qe7 37. Qh8+ Qf8 38. Ba4+ Kd8 39. Qh1
Bc7 40. Qc6 1-0

[Event "XXXI Torneo Internacional de A"]
[Site "Las Palmas de Gran Canaria"]
[Date "2010.12.06"]
[Round "6"]
[White "Camino Carrio, Nicanor"]
[Black "Tatai, Stefano"]
[Result "0-1"]
[WhiteElo "2138"]
[BlackElo "2351"]
[PlyCount "72"]
[EventDate "2010.12.02"]
[EventRounds "9"]
[EventCountry "ESP"]

1. e4 c5 2. Nf3 d6 3. d4 cxd4 4. Nxd4 Nf6 5. Nc3 a6 6. f3 e6 7. Be3 b5 8. Qd2
Nbd7 9. O-O-O Bb7 10. g4 Nb6 11. Bd3 Rc8 12. Kb1 Be7 13. Rhe1 O-O 14. h4 b4 15.
Nce2 d5 16. e5 Ne4 17. fxe4 dxe4 18. Bg5 exd3 19. cxd3 Nd5 20. Rc1 Qb6 21. Bxe7
Nxe7 22. h5 a5 23. Qg5 Qd8 24. h6 Ng6 25. Qe3 Qd5 26. hxg7 Rfd8 27. Rxc8 Bxc8
28. Qg5 Rd7 29. Qh6 Qxe5 30. Nf3 Qxg7 31. Qc1 Bb7 32. Ng3 Bxf3 33. Qc8+ Nf8 34.
Nh5 Qd4 35. Qc1 Qxd3+ 36. Ka1 Qg6 0-1

[Event "XXXI Torneo Internacional de A"]
[Site "Las Palmas de Gran Canaria"]
[Date "2010.12.06"]
[Round "6"]
[White "Vega Gutierrez, Belinda"]
[Black "Brito Garcia, Alfredo"]
[Result "1/2-1/2"]
[WhiteElo "2227"]
[BlackElo "2337"]
[PlyCount "104"]
[EventDate "2010.12.02"]
[EventRounds "9"]
[EventCountry "ESP"]

1. e4 d6 2. d4 Nf6 3. Nc3 Nbd7 4. g4 h6 5. h3 e5 6. Nge2 g6 7. Bg2 h5 8. g5 Nh7
9. h4 Bg7 10. Be3 c6 11. Qd2 O-O 12. O-O-O Qe7 13. Ng3 Nb6 14. Qd3 Bg4 15. f3
Be6 16. d5 cxd5 17. exd5 Bd7 18. Qe4 Rfc8 19. Bf1 Rxc3 20. bxc3 Na4 21. Qb4 b5
22. Ne4 a5 23. Qb3 Rb8 24. c4 b4 25. Bh3 Nf8 26. Bxd7 Qxd7 27. Kd2 Nb6 28. Bxb6
Rxb6 29. a4 Qc7 30. Ke2 Nd7 31. Kf2 Rb8 32. Kg2 Rc8 33. Nd2 Nc5 34. Qa2 Qd7 35.
Rhe1 f5 36. gxf6 Bxf6 37. Ne4 Bxh4 38. Re2 Be7 39. Nxc5 Rxc5 40. c3 bxc3 41.
Qc2 Qf5 42. Qxc3 Qg5+ 43. Kh1 Qh4+ 44. Rh2 Qxc4 45. Qe3 Qf4 46. Qxf4 exf4 47.
Re2 Kf7 48. Rb1 Rxd5 49. Rb7 Re5 50. Rxe5 dxe5 51. Rb5 Bd8 52. Rxe5 Kf6 1/2-1/2

[Event "XXXI Torneo Internacional de A"]
[Site "Las Palmas de Gran Canaria"]
[Date "2010.12.06"]
[Round "6"]
[White "Vega Gutierrez, Sabrina"]
[Black "Garcia Blanco, Omar"]
[Result "0-1"]
[WhiteElo "2342"]
[BlackElo "2183"]
[PlyCount "78"]
[EventDate "2010.12.02"]
[EventRounds "9"]
[EventCountry "ESP"]

1. e4 e6 2. d3 d5 3. Qe2 Nf6 4. Nf3 Be7 5. g3 c5 6. Bg2 Nc6 7. O-O O-O 8. Re1
b5 9. c3 a5 10. e5 Nd7 11. h4 Ba6 12. Bf4 Nb6 13. Nbd2 Rb8 14. Rac1 c4 15. d4
b4 16. h5 Na4 17. Nf1 bxc3 18. bxc3 Nb2 19. Rb1 Nd3 20. Red1 a4 21. Rxb8 Qxb8
22. h6 g6 23. Bg5 Qd8 24. Bxe7 Qxe7 25. N1h2 Rb8 26. Ng4 Rb2 27. Rd2 Qa3 28.
Ng5 Nd8 29. Nf6+ Kh8 30. Rxb2 Qxb2 31. Qxb2 Nxb2 32. Bf3 a3 33. Nfxh7 Na4 34.
Bxd5 exd5 35. Nf8 Bc8 36. Nxf7+ Nxf7 37. Nxg6+ Kh7 38. Nf8+ Kxh6 39. e6 Nd6 0-1

[Event "XXXI Torneo Internacional de A"]
[Site "Las Palmas de Gran Canaria"]
[Date "2010.12.06"]
[Round "6"]
[White "Hernando Rodrigo, Jose Maria"]
[Black "Rojas Mirabal, Pedro"]
[Result "1-0"]
[WhiteElo "2315"]
[BlackElo "2000"]
[PlyCount "45"]
[EventDate "2010.12.02"]
[EventRounds "9"]
[EventCountry "ESP"]

1. d4 Nf6 2. Bg5 Ne4 3. Bh4 g5 4. f3 gxh4 5. fxe4 c5 6. e3 Bh6 7. Kf2 Nc6 8.
Qh5 Qb6 9. Qxc5 Qxb2 10. Qc3 Qb6 11. Nf3 d6 12. Na3 Bg7 13. Rb1 Qd8 14. Bb5 Bd7
15. Nxh4 Rc8 16. Nf5 Ne5 17. Bxd7+ Qxd7 18. Nxg7+ Kf8 19. Qa5 Ng4+ 20. Kf3 Rg8
21. Qf5 Qxf5+ 22. Nxf5 e6 23. Nxd6 1-0

[Event "XXXI Torneo Internacional de A"]
[Site "Las Palmas de Gran Canaria"]
[Date "2010.12.06"]
[Round "6"]
[White "Henriquez Garcia, David"]
[Black "Menvielle Laccourreye, Augusto"]
[Result "0-1"]
[WhiteElo "1990"]
[BlackElo "2262"]
[PlyCount "54"]
[EventDate "2010.12.02"]
[EventRounds "9"]
[EventCountry "ESP"]

1. e4 e6 2. d4 d5 3. e5 c5 4. c3 Nc6 5. Nf3 Qb6 6. Bd3 Bd7 7. dxc5 Qc7 8. Qe2
Bxc5 9. O-O Nge7 10. b4 Bb6 11. b5 Na5 12. a4 Nb3 13. Ra2 Nxc1 14. Rxc1 Ng6 15.
Bxg6 hxg6 16. Rac2 Qd8 17. c4 dxc4 18. Rxc4 Qe7 19. Nbd2 O-O 20. Ne4 a6 21. Qb2
axb5 22. Rb4 Bc6 23. axb5 Bd5 24. Nf6+ gxf6 25. exf6 Qd8 26. Qe5 Bxf3 27. gxf3
Qd2 0-1